Harvard Business Review: Liderazgo
Guardat en:
| Format: | Llibre |
|---|---|
| Idioma: | espanyol |
| Publicat: |
Santiago
Planeta Chilena
2005
|
| Col·lecció: | Harvard Business Review
|
| Matèries: | |
| Etiquetes: |
Afegir etiqueta
Sense etiquetes, Sigues el primer a etiquetar aquest registre!
|
MARC
| LEADER | 00000nam a2200000 a 4500 | ||
|---|---|---|---|
| 001 | UCK4925 | ||
| 003 | CL-VaPUC | ||
| 008 | 050701e20050000CL |||||||||||||||||spa|d | ||
| 020 | |a 9508570199 | ||
| 082 | 0 | 4 | |a 658.4092 |b HAR |2 21 |
| 245 | 1 | 0 | |a Harvard Business Review: Liderazgo |
| 300 | |a 250 p | ||
| 942 | |c BK | ||
| 945 | |d 20050701 00:00:00 |a cmena | ||
| 260 | |a Santiago |b Planeta Chilena |c 2005 | ||
| 650 | 0 | |a Liderazgo |9 271835 | |
| 650 | 0 | |a Administración del personal |9 260442 | |
| 650 | 0 | |a Planificación estratégica |9 259735 | |
| 650 | 0 | |a Motivación |9 315362 | |
| 583 | |a last modification |c 20050701 00:00:00 |k Rodrigo Vera | ||
| 490 | 0 | |a Harvard Business Review | |
| 999 | |c 313633 |d 313631 | ||
| 952 | |0 0 |1 0 |4 0 |6 658_409200000000000_HAR_2005 |7 0 |8 A |9 385081 |a BIBEDU |b BIBEDU |d 2019-11-22 |i 4141237 |o 658.4092 HAR 2005 |p 4141237 |r 2019-11-22 |w 2019-11-22 |y BK |k EBA | ||